000 00635nac a2200217 a 4500
003 Co-PeBPM
005 20250708005233.0
008 231129s2004||||xx o||||||||||||| ||spa||
020 _a958-42-1117-X (tapa
040 _bspa
_aCo-PeBPM
_cCo-PeBPM
_erda
041 _hspa
082 _a231.73 B326s
100 _aBastierra, Fernando
_eAutor
245 0 _aSanaciones milagrosas: Cuando la fe asombra a la ciencia
250 _aSegunda
260 _c2004
_aBogotá Colombia
264 _aPlaneta
300 _a191 páginas;
_c22 cms
500 _aincluye índice y Bibliografía
942 _2ddc
_cBK
_n0
999 _c24304
_d24304